Diálogo con la tierra (Record no. 44822)

MARC details
000 -LEADER
campo de control de longitud fija 00822nam a2200217 i 4500
001 - NÚMERO DE CONTROL
campo de control 44822
003 - IDENTIFICADOR DE NÚMERO DE CONTROL
campo de control ES-MaACL
005 - FECHA Y HORA DE LA ÚLTIMA TRANSACCIÓN
campo de control 20250725002246.0
007 - CAMPO FIJO DE DESCRIPCIÓN FÍSICA--INFORMACIÓN GENERAL
campo de control de longitud fija t|
008 - DATOS DE LONGITUD FIJA--INFORMACIÓN GENERAL
campo de control de longitud fija 030324q1955 sp ||||1| spa d
100 1# - ENTRADA PRINCIPAL--NOMBRE DE PERSONA
Nombre de persona Cloos, Hans.
9 (RLIN) 39281
245 10 - MENCIÓN DEL TÍTULO
Título Diálogo con la tierra
Resto del título : peregrinaciones de un geólogo por el mundo y por la vida /
Mención de responsabilidad, etc. Hans Cloos ; versión española por Joaquín Gómez de Llarena.
260 ## - PUBLICACIÓN, DISTRIBUCIÓN, ETC.
Lugar de publicación, distribución, etc. Barcelona, etc. :
Nombre del editor, distribuidor, etc. Labor,
Fecha de publicación, distribución, etc. [1955?] (
Fabricante Talls. Gráfs. Iberoamericanos)
300 ## - DESCRIPCIÓN FÍSICA
Extensión 479 p., 48 lám. :
Otras características físicas 1 retr. aut. ;
Dimensiones 22 cm.
490 1# - MENCIÓN DE SERIE
Mención de serie Colección libros de hoy
650 07 - PUNTO DE ACCESO ADICIONAL DE MATERIA--TÉRMINO DE MATERIA
Término de materia o nombre geográfico como elemento de entrada Geomorfología
Fuente del encabezamiento o término embne
9 (RLIN) 13105
700 1# - ENTRADA AGREGADA--NOMBRE PERSONAL
Nombre de persona Gómez de Llarena, Joaquín (
Fechas asociadas al nombre 1891-1979)
9 (RLIN) 57911
830 0# - PUNTO DE ACCESO ADICIONAL DE SERIE-TÍTULO UNIFORME
Título uniforme Colección libros de hoy
9 (RLIN) 182911
852 ## - LOCALIZACIÓN
Ubicación ES-MaACL
Número de control de estantería C-9971
Sublocalización o colección R.37815
Holdings
Estatus retirado Estado de pérdida Estado de daño No para préstamo Biblioteca de origen Biblioteca actual Ubicación en estantería Fecha de adquisición Fuente de adquisición Total de préstamos Signatura topográfica completa Código de barras Visto por última vez Precio de reemplazo Tipo de ítem Koha
        Biblioteca del Ateneo de Madrid Biblioteca del Ateneo de Madrid Sala Palomar 17/01/2008     C-9971 1047172 23/02/2023 23/02/2023 Libro impreso